• 首页
  • 本馆介绍
  • 公告通知
  • 最新文献
  • 馆藏检索
  • 电子资源
  • 读者导购
  • 参考咨询
  • 我的图书馆
  • 登录
  • 详细信息显示
  • 放入我的书架
  • 预约/预借图书
  • 作者相关作品
  • 分类相关作品
  • 丛书相关作品
  • 出版社相关作品

书目信息

  • 表格格式
  • 工作单格式
  • 卡片格式
题名:
学校课程领导论
    
 
作者: 靳玉乐 主编
分册:  
出版信息: 北京   人民教育出版社  2011
页数: 445页
开本: 23cm
丛书名:
单 册:
中图分类: G423.04
科图分类:
主题词: 课程--研究 , 课程
电子资源:
ISBN: 978-7-107-23234-3
000 01105nam0 2200277 45
001 1355690311
005 20130515150021.81
010    @a978-7-107-23234-3@dCNY40.00
100    @a20130108d2011 em y0chiy50 ea
101 0  @achi
102    @aCN@b110000
105    @ay z 000yy
106    @ar
200 1  @a学校课程领导论@AXue Xiao Ke Cheng Ling Dao Lun@e理论研究与实践探索@ELi Lun Yan Jiu Yu Shi Jian Tan Suo@f靳玉乐主编@FJin Yu Le Zhu Bian
210    @a北京@c人民教育出版社@d2011
215    @a445页@d23cm
300    @a当代课程与教学研究书系/靳玉乐总主编
300    @a国家“211工程”三期建设项目“基础教育课程改革深化与教学创新研究”成果
330    @a本书以学校课程领导的理论与实践问题为研究对象,对学校课程领导的本质与特征、理论基础、理论取向、工作原理以及学校课程领导与学校课程规划与知识管理、学校文化建设之间的关系进行了探讨。
517 1  @a理论研究与实践探索@ALi Lun Yan Jiu Yu Shi Jian Tan Suo
606 0  @a课程@x研究
606 0  @a课程
690    @aG423.04@v5
701  0 @a靳玉乐@AJin Yu Le@f(1966.3~)@4主编
801    @aCN@bTANGWEI@c20130112
905    @b0831582-86@dG423.04@e246@f5
    
    学校课程领导论:理论研究与实践探索/靳玉乐主编.-北京:人民教育出版社,2011
    445页;23cm
    当代课程与教学研究书系/靳玉乐总主编.-国家“211工程”三期建设项目“基础教育课程改革深化与教学创新研究”成果
    
    ISBN 978-7-107-23234-3:CNY40.00
    本书以学校课程领导的理论与实践问题为研究对象,对学校课程领导的本质与特征、理论基础、理论取向、工作原理以及学校课程领导与学校课程规划与知识管理、学校文化建设之间的关系进行了探讨。
●
相关链接 在E读中查询图书 在五车中查询图书 在当当中查询图书 在豆瓣中查询图书


正题名:学校课程领导论     索取号:G423.04/246         预约/预借

序号 登录号 条形码 馆藏地/架位号 状态 备注
1 0831582   208315820   第一样本阅览室/ [索取号:G423.04/246] 在馆    
2 0831583   208315839   第四借阅区/ [索取号:G423.04/246] 在馆    
3 0831584   208315848   教育系资料室/ [索取号:G423.04/246] 在馆    
4 0831585   208315857   教育系资料室/ [索取号:G423.04/246] 在馆    
5 0831586   208315866   第四借阅区/ [索取号:G423.04/246] 在馆    
唐山师范学院图书馆 欢迎您!
大连网信软件有限公司© 版权所有